|
|
|
|
| LEADER |
01526nam a2200397Ia 4500 |
| 001 |
EBC169617 |
| 003 |
MiAaPQ |
| 005 |
20200520144314.0 |
| 006 |
m o d | |
| 007 |
cr cn||||||||| |
| 008 |
990216s1997 enka sbs 001 0 eng d |
| 010 |
|
|
|z 99173788
|
| 020 |
|
|
|z 0415137055
|
| 020 |
|
|
|z 0203039971
|
| 035 |
|
|
|a (MiAaPQ)EBC169617
|
| 035 |
|
|
|a (Au-PeEL)EBL169617
|
| 035 |
|
|
|a (CaPaEBR)ebr10057274
|
| 035 |
|
|
|a (CaONFJC)MIL33165
|
| 035 |
|
|
|a (OCoLC)560367089
|
| 040 |
|
|
|a MiAaPQ
|c MiAaPQ
|d MiAaPQ
|
| 050 |
|
4 |
|a HF1531.Z4
|b E1834 1997
|
| 245 |
0 |
0 |
|a Business relationships with East Asia
|h [electronic resource] :
|b the European experience /
|c edited by Jim Slater and Roger Strange.
|
| 260 |
|
|
|a London ;
|a New York :
|b Routledge,
|c 1997.
|
| 300 |
|
|
|a xiii, 261 p. :
|b ill.
|
| 490 |
1 |
|
|a Routledge advances in Asia-Pacific business ;
|v 4
|
| 504 |
|
|
|a Includes bibliographical references and index.
|
| 533 |
|
|
|a Electronic reproduction. Ann Arbor, MI : ProQuest, 2015. Available via World Wide Web. Access may be limited to ProQuest affiliated libraries.
|
| 650 |
|
0 |
|a Economics.
|
| 651 |
|
0 |
|a Europe
|x Foreign economic relations
|z East Asia.
|
| 651 |
|
0 |
|a East Asia
|x Foreign economic relations
|z Europe.
|
| 655 |
|
4 |
|a Electronic books.
|
| 700 |
1 |
|
|a Slater, Jim,
|d 1947-
|
| 700 |
1 |
|
|a Strange, Roger.
|
| 710 |
2 |
|
|a ProQuest (Firm)
|
| 830 |
|
0 |
|a Routledge advances in Asia-Pacific business ;
|v 4.
|
| 856 |
4 |
0 |
|u https://ebookcentral.proquest.com/lib/matrademy/detail.action?docID=169617
|z Click to View
|